A védőnő szerepe a fogyatékosok egészségfejlesztésében

Elmentve itt :
Bibliográfiai részletek
Szerző: Tobak Orsolya
Dokumentumtípus: Cikk
Megjelent: 2007
Sorozat:EGÉSZSÉGFEJLESZTÉS 48 No. 5-6
mtmt:1857616
Online Access:http://publicatio.bibl.u-szeged.hu/17131
LEADER 00651nab a2200181 i 4500
001 publ17131
005 20191016112357.0
008 191016s2007 hu o 0|| zxx d
022 |a 1786-2434 
024 7 |a 1857616  |2 mtmt 
040 |a SZTE Publicatio Repozitórium  |b hun 
041 |a zxx 
100 1 |a Tobak Orsolya 
245 1 2 |a A védőnő szerepe a fogyatékosok egészségfejlesztésében  |h [elektronikus dokumentum] /  |c  Tobak Orsolya 
260 |c 2007 
300 |a 26-30 
490 0 |a EGÉSZSÉGFEJLESZTÉS  |v 48 No. 5-6 
856 4 0 |u http://publicatio.bibl.u-szeged.hu/17131/1/TobakOrsolyaAvedonoszerepeafogyatekosokegeszsegfejleszteseben.pdf  |z Dokumentum-elérés